Nghi lễ vòng đời của người Chăm Ahiêr ở Ninh thuận

Nội dung sách giới thiệu: Chương I: Nhìn lại tình hình nghiên cứu; Chương II: Khái quát chung về người Chăm Ahiêr ở Ninh Thuận; Chương III: Những Nghi lễ vòng đời người; Chương IV: Bảo tồn và phát huy giá trị văn hóa Chăm qua nghi lễ vòng đơ...

Πλήρης περιγραφή

Αποθηκεύτηκε σε:
Λεπτομέρειες βιβλιογραφικής εγγραφής
Κύριος συγγραφέας: Phan, Quốc Anh
Μορφή: Βιβλίο
Γλώσσα:Undetermined
Έκδοση: Hà Nội Đại học Quốc gia Hà Nội 2010
Θέματα:
Ετικέτες: Προσθήκη ετικέτας
Δεν υπάρχουν, Καταχωρήστε ετικέτα πρώτοι!
Thư viện lưu trữ: Trung tâm Học liệu Trường Đại học Cần Thơ
LEADER 01111nam a2200205Ia 4500
001 CTU_164038
008 210402s9999 xx 000 0 und d
082 |a 306.09597 
082 |b A107 
100 |a Phan, Quốc Anh 
245 0 |a Nghi lễ vòng đời của người Chăm Ahiêr ở Ninh thuận 
245 0 |c Phan Quốc Anh 
260 |a Hà Nội 
260 |b Đại học Quốc gia Hà Nội 
260 |c 2010 
520 |a Nội dung sách giới thiệu: Chương I: Nhìn lại tình hình nghiên cứu; Chương II: Khái quát chung về người Chăm Ahiêr ở Ninh Thuận; Chương III: Những Nghi lễ vòng đời người; Chương IV: Bảo tồn và phát huy giá trị văn hóa Chăm qua nghi lễ vòng đời người. 
650 |a Culture,Culture,Văn hóa,Văn hóa 
650 |z Vietnam,Chămpa,Việt Nam,Chămpa 
904 |i HPTVi,Qhieu (Tuyến sửa số pl 306.597 thành 306.09597, chưa in nhãn) 
980 |a Trung tâm Học liệu Trường Đại học Cần Thơ